| 000 | 00000nam##2200000za#4500 |
| 001 | 9.573826 |
| 003 | CaOODSP |
| 005 | 20210624183903 |
| 007 | cr ||||||||||| |
| 008 | 150406|1994||||xxc|||||o f|0| 0 eng|d |
| 022 | |a1488-5379 |
| 040 | |aCaOODSP|beng |
| 043 | |an-cn--- |
| 086 | 1 |aFs97-6/2001E-PDF |
| 110 | 1 |aCanada. |bDepartment of Fisheries and Oceans. |bCentral and Arctic Region. |
| 245 | 10|aChurchill River diversion : |h[electronic resource]|beffects on benthic invertebrates in lakes along the lower Churchill and the diversion route / |cby A.P. Wiens and D.M. Rosenberg. |
| 260 | |aWinnipeg - Manitoba : |bFisheries and Oceans Canada. |c1994. |
| 300 | |a33p.|bfig., graphs, references, tables |
| 490 | 1 |aCanadian technical report of fisheries and aquatic sciences|x1488-5379|vNo. 2001 |
| 500 | |aThe catalogue number (Fs97-6/2001E) and ISSN (0706-6457) for the print edition have been incorrectly copied in this electronic publication. |
| 546 | |a(Résumé en français) |
| 590 | |a12-23-Supp|b2012-05-28 |
| 720 | 1 |aWiens, A. P. |
| 720 | 1 |aRosenberg, D. M. |
| 776 | 0#|tChurchill River diversion : |w(CaOODSP)9.612368 |
| 830 | #0|aCanadian technical report of fisheries and aquatic sciences,|x1488-5379|vNo. 2001|w(CaOODSP)9.504449 |
| 856 | 40|ahttp://publications.gc.ca|qPDF|s1.28 MB|uhttps://publications.gc.ca/collections/collection_2012/mpo-dfo/Fs97-6-2001-eng.pdf|yNo. 2001 |